عرض عادي عرض مارك
  • Steele, Richard,

مدخل إسم شخص

عدد التسجيلات المستخدمة في: 1

001 - رقم الضبط

  • حقل الضبط: 9116

003 - معرف رقم الضبط

  • حقل الضبط: OSt

005 - تاريخ ووقت أخر عملية

  • حقل الضبط: 20111226214345.0

008 - عناصر بيانات ثابتة الطول

  • حقل تحكم ثابت الطول: 111226|||a|||||| | ||| d

040 ## - مصدر الفهرسة

  • هيئة الفهرسة الأصلية: OSt
  • وكالة الكتابة: OSt

100 ## - مدخل -- أسم شخص

  • إسم شخص: Steele, Richard,
  • العنوان و الكلمات الأخري المرتبطة بالأسم: Sir,
  • تواريخ مرتبطة بالاسم: 1672-1729
  • تفريع عام: Criticism and interpretation.

670 ## - بيانات المصدر موجوده

  • الاستشهاد بالمصدر: Work cat.: (OSt)3442: Addison and Steele, the critical heritage /, 1980.